000 00612nam a2200229Ia 4500
003 OSt
005 20220928144917.0
006 a|||||r|||| 00| 0
007 ta
008 220927b |||||||| |||| 00| 0 eng d
024 _a76942
037 _cTextual
040 _aSDCL
_cSDCL
_beng
041 _2eng
_aeng
082 _aB281, M6
100 _aChao J A Ed.
_9510363
245 0 _aProbability theory and harmonic analysis.
260 _c1986
700 _a Woyczynski Wojbor A Ed.
_9510364
942 _hB281, M6
_cTEXL
_2CC
999 _c830458
_d830458